Súčasné modely a teórie rastu verejných výdavkov bakalárska práca

Na minha lista:
Detalhes bibliográficos
Autor principal: Bolebruchová, Radka
Autor Corporativo: Národohospodárska fakulta EU. Katedra financií
Outros Autores: Boór, Matej, 1988-
Formato: Livro
Idioma:eslovaco
Publicado em: Bratislava 2014
Tags: Adicionar Tag
Sem tags, seja o primeiro a adicionar uma tag!

MARC

LEADER 00000nbm a2200000 4500
001 0189263
005 20170201085216.8
041 0 |a slo 
044 |a SK 
245 1 0 |a Súčasné modely a teórie rastu verejných výdavkov  |b bakalárska práca  |c Radka Bolebruchová ; školiteľ: Matej Boór 
264 1 |a Bratislava  |c 2014 
300 |a 39 s. 
100 1 |a Bolebruchová, Radka 
700 1 |a Boór, Matej, 1988- 
710 2 |a Národohospodárska fakulta EU. Katedra financií